000 00787cam a22002653a 4500
001 222
003 PGUSA
005 20140828082945.0
008 950201s1995||||xxu|||||s|||||000 1 eng d
040 _aPGUSA
_beng
042 _adc
050 4 _aPR
100 1 _aMaugham, W. Somerset
_q(William Somerset),
_d1874-1965
245 1 4 _aThe Moon and Sixpence
_h[electronic resource] /
_cW. Somerset Maugham
260 _bProject Gutenberg,
_c1995
506 _aPublic domain in the USA.
516 _aElectronic text
653 _aEngland -- Fiction
653 _aPsychological fiction
653 _aTahiti (French Polynesia : Island) -- Fiction
653 _aPainters -- Fiction
830 0 _aProject Gutenberg
_v222
856 4 0 _uhttp://www.gutenberg.org/ebooks/222
942 _cEB
999 _c229575
_d229575